Galilea año 30 (Record no. 29373)
[ view plain ]
| 000 -LEADER | |
|---|---|
| campo de control de longitud fija | 01062mc a2200313a 44500 |
| 001 - NÚMERO DE CONTROL | |
| campo de control | NM030066 |
| 003 - IDENTIFICADOR DE NÚMERO DE CONTROL | |
| campo de control | RG CODE MARC |
| 008 - DATOS DE LONGITUD FIJA--INFORMACIÓN GENERAL | |
| campo de control de longitud fija | 75020s1991 ||||||||||||||000 | spa|| |
| 005 - FECHA Y HORA DE LA ÚLTIMA TRANSACCIÓN | |
| campo de control | 20251028183340.0 |
| 020 ## - NÚMERO INTERNACIONAL ESTÁNDAR DEL LIBRO | |
| Número Internacional Estándar del Libro | 84-86077-90-7 |
| 040 ## - FUENTE DE CATALOGACIÓN | |
| Centro catalogador/agencia de origen | ORG CODE MARC |
| 100 ## - ENTRADA PRINCIPAL--NOMBRE DE PERSONA | |
| Nombre de persona | Bravo, Carlos |
| 9 (RLIN) | 19981 |
| 245 ## - MENCIÓN DEL TÍTULO | |
| Título | Galilea año 30 |
| Resto del título | para leer el evangelio de Marcos |
| Mención de responsabilidad, etc. | Carlos Bravo |
| 260 ## - PUBLICACIÓN, DISTRIBUCIÓN, ETC. | |
| Lugar de publicación, distribución, etc. | Córdoba, España |
| Nombre del editor, distribuidor, etc. | El Almendro |
| 300 ## - DESCRIPCIÓN FÍSICA | |
| Extensión | 178 p. |
| Otras características físicas | 21 cm. |
| 490 ## - MENCIÓN DE SERIE | |
| Mención de serie | En torno al Nuevo Testamento |
| 500 ## - NOTA GENERAL | |
| Nota general | Donación de Pablo Vernola, 2025 |
| 505 ## - NOTA DE CONTENIDO CON FORMATO | |
| Título | 1. Jesús, el Mesías, el Hijo de Dios |
| 505 ## - NOTA DE CONTENIDO CON FORMATO | |
| Título | 2. Jesús, responsable por la vida |
| 505 ## - NOTA DE CONTENIDO CON FORMATO | |
| Título | 3. Jesús y los Doce, responsables por la vida |
| 505 ## - NOTA DE CONTENIDO CON FORMATO | |
| Título | 4. Crisis y confirmación |
| 505 ## - NOTA DE CONTENIDO CON FORMATO | |
| Título | 5. Formación a los doce discípulos |
| 505 ## - NOTA DE CONTENIDO CON FORMATO | |
| Título | 6. El juicio de Jesús contra Jerusalén. Ultimos días de su vida |
| 505 ## - NOTA DE CONTENIDO CON FORMATO | |
| Título | 7. El juicio de Jerusalén contra Jesús |
| 505 ## - NOTA DE CONTENIDO CON FORMATO | |
| Título | 8. Inconclusión |
| 653 ## - TÉRMINO DE INDIZACIÓN--NO CONTROLADO | |
| Término no controlado | EVANGELIO DE MARCOS |
| 800 ## - PUNTO DE ACCESO ADICIONAL DE SERIE--NOMBRE DE PERSONA | |
| Nombre de persona | Pelaez, Jesús |
| 9 (RLIN) | 40919 |
| 942 ## - ELEMENTOS DE ENTRADA SECUNDARIOS (KOHA) | |
| Tipo de ítem Koha | Colección General |
| Estatus retirado | Estado de pérdida | Estado de daño | No para préstamo | Biblioteca de origen | Biblioteca actual | Fecha de adquisición | Total de préstamos | Signatura topográfica completa | Código de barras | Visto por última vez | Precio de reemplazo | Tipo de ítem Koha |
|---|---|---|---|---|---|---|---|---|---|---|---|---|
| Biblioteca Pluis | Biblioteca Pluis | 28/10/2025 | 226.3 B73 | 046929 | 28/10/2025 | 28/10/2025 | Colección General |
